| 000 | 01248 a2200229 4500 | ||
|---|---|---|---|
| 020 | _a0195796098 | ||
| 020 | _a9780195796094 | ||
| 090 |
_c2862 _d2862 |
||
| 100 | 1 | _aPasha, Hafiz A. | |
| 245 | 1 | 0 |
_aSocial development in pakistan 2000 : _btowards poverty reduction : _bannual review / _cHafiz A. Pasha. |
| 260 |
_a[S.l.] : _bOUP Pakistan, _c2001. |
||
| 300 |
_a266 p. ; _c28 cm. |
||
| 500 | _aPaperback. | ||
| 520 | _a"Towards Poverty Reduction", SPDC's third annual review of social development in Pakistan, proposes a three-pronged comprehensive poverty reduction strategy focusing on greater opportunity, empowerment, and welfare, which goes substantially beyond what the government is doing. This review has been prepared by the Social Policy and Develpment Centre in order to promote informed discussion and action on vital sector issues facing the country today. | ||
| 700 | 1 | _aGhaus-Pasha, Aisha. | |
| 700 | 1 | _aZafar, H. | |
| 700 | 1 | _aCentre, Pakistan Social Policy & Development. | |
| 700 | 1 | _aIsmail, Zafar. | |
| 856 | 4 | 0 |
_3Amazon.com _uhttp://www.amazon.com/exec/obidos/ASIN/0195796098/chopaconline-20 |
| 856 | 4 | 0 |
_3Amazon customer reviews _uhttp://www.chopac.org/cgi-bin/tools/azrev.pl?q=0195796098 |
| 942 |
_aNBS _cBK _k305.23 OXF |
||
| 999 |
_c345352 _d345352 |
||